[Event "GoAudit Open 2022"]
[Site "Copenhagen"]
[Date "2022.11.04"]
[Round "3.8"]
[White "Petersen, Peter Birk"]
[Black "Kokfelt, Thomas Find"]
[Result "1-0"]
[WhiteElo "2167"]
[BlackElo "1907"]
[PlyCount "49"]
[EventDate "2022.11.04"]
[EventType "swiss"]
[EventRounds "7"]
[EventCountry "DEN"]
[SourceTitle "Live"]

1. e4 d6 2. d4 g6 3. Nc3 Nf6 4. f4 Bg7 5. Nf3 c5 6. dxc5 Qa5 7. Bd3 Qxc5 8. Qe2
Bg4 9. Be3 Qa5 10. O-O O-O 11. Kh1 Nc6 12. h3 Bxf3 13. Qxf3 e6 14. Rad1 Rfd8
15. Bc4 Ne8 16. Bf2 Qb4 17. Bb3 Bxc3 18. bxc3 Qa5 19. Bh4 Rd7 20. f5 exf5 21.
exf5 Ne5 22. Qe3 Rc8 23. fxg6 hxg6 24. Bg3 Nc4 25. Bxc4 1-0

[Event "GoAudit Open 2022"]
[Site "Copenhagen"]
[Date "2022.11.05"]
[Round "4.1"]
[White "Thybo, Jesper Sondergaard"]
[Black "Brorsen, Jacob Abildlund"]
[Result "1-0"]
[WhiteElo "2518"]
[BlackElo "2201"]
[PlyCount "75"]
[EventDate "2022.11.04"]
[EventType "swiss"]
[EventRounds "7"]
[EventCountry "DEN"]
[SourceTitle "Live"]

1. d4 d5 2. c4 c6 3. cxd5 cxd5 4. Bg5 Nc6 5. Nc3 h6 6. Bh4 Nf6 7. Bxf6 exf6 8.
e3 Bb4 9. Rc1 O-O 10. g3 Be6 11. Bg2 Ne7 12. Nge2 Qd7 13. O-O Rac8 14. Qb3 Rc4
15. Na4 Rfc8 16. Rxc4 Rxc4 17. Rc1 Nc6 18. a3 b5 19. axb4 bxa4 20. Qa3 Rxc1+
21. Nxc1 Qb7 22. Na2 a5 23. Qxa4 axb4 24. Bf1 Qb6 25. Bb5 Na7 26. Bd3 Nc6 27.
Qb5 Qxb5 28. Bxb5 b3 29. Nc1 Na5 30. Kf1 Bf5 31. Ke2 Nc4 32. Bxc4 dxc4 33. Kd2
Bh3 34. Ne2 Bf1 35. Nf4 Kf8 36. Nd5 Ke8 37. Kc3 Kd7 38. Nb6+ 1-0

[Event "GoAudit Open 2022"]
[Site "Copenhagen"]
[Date "2022.11.05"]
[Round "4.2"]
[White "Laursen, Niels Norskov"]
[Black "Hoi, Carsten"]
[Result "1/2-1/2"]
[WhiteElo "2166"]
[BlackElo "2344"]
[PlyCount "64"]
[EventDate "2022.11.04"]
[EventType "swiss"]
[EventRounds "7"]
[EventCountry "DEN"]
[SourceTitle "Live"]

1. e4 Nc6 2. Nf3 e5 3. Nc3 g6 4. d4 exd4 5. Nxd4 Bg7 6. Be3 d6 7. Qd2 Nf6 8.
O-O-O Ng4 9. Nxc6 bxc6 10. Bd4 Bxd4 11. Qxd4 Qf6 12. Qxf6 Nxf6 13. Bc4 Ng4 14.
Rd2 Be6 15. Bb3 Bxb3 16. axb3 f6 17. f3 Ne5 18. Kd1 Kd7 19. Ke2 Rhf8 20. Ra1 f5
21. Rd4 c5 22. Rda4 Nc6 23. exf5 gxf5 24. Rh4 Rf7 25. f4 a5 26. Kd2 Rg8 27. g3
Re8 28. Rh5 Ra8 29. Re1 Nd4 30. Kd3 c6 31. Re3 Rb8 32. Rh6 Rg8 1/2-1/2

[Event "GoAudit Open 2022"]
[Site "Copenhagen"]
[Date "2022.11.05"]
[Round "4.3"]
[White "Kistrup, Nicolai"]
[Black "Pedersen, Daniel Vesterbaek"]
[Result "1-0"]
[WhiteElo "2263"]
[BlackElo "2223"]
[PlyCount "45"]
[EventDate "2022.11.04"]
[EventType "swiss"]
[EventRounds "7"]
[EventCountry "DEN"]
[SourceTitle "Live"]

1. d4 Nf6 2. c4 e6 3. Nf3 Bb4+ 4. Nbd2 b6 5. a3 Bxd2+ 6. Bxd2 Bb7 7. e3 O-O 8.
Bd3 d5 9. O-O dxc4 10. Bxc4 c5 11. dxc5 bxc5 12. Qe2 Nc6 13. b4 Ne4 14. bxc5
Qe7 15. Bb5 Nxd2 16. Nxd2 Qxc5 17. Rfc1 Qe5 18. Nb3 Ne7 19. Nc5 Bxg2 20. Kxg2
Nf5 21. Nd7 Nh4+ 22. Kh1 Qe4+ 23. f3 1-0

[Event "GoAudit Open 2022"]
[Site "Copenhagen"]
[Date "2022.11.05"]
[Round "4.4"]
[White "Jacobsen, Mikkel Manosri"]
[Black "Eriksson, Christian Altenburg"]
[Result "1-0"]
[WhiteElo "2262"]
[BlackElo "2129"]
[PlyCount "111"]
[EventDate "2022.11.04"]
[EventType "swiss"]
[EventRounds "7"]
[EventCountry "DEN"]
[SourceTitle "Live"]

1. d4 d5 2. Nf3 Nf6 3. c4 c6 4. e3 Bf5 5. Nc3 e6 6. Bd3 Bxd3 7. Qxd3 Nbd7 8.
O-O Be7 9. b3 O-O 10. Bb2 Qa5 11. h3 Ba3 12. Bxa3 Qxa3 13. Rfd1 Rad8 14. Rd2
Qa6 15. Rad1 dxc4 16. bxc4 Nb6 17. c5 Nc4 18. Rc2 b5 19. cxb6 axb6 20. Ne4 Nxe4
21. Qxe4 Nd6 22. Qf4 Nc4 23. Rdc1 b5 24. Ne5 Nxe5 25. Qxe5 Rc8 26. Qd6 g6 27.
Rxc6 Rxc6 28. Qxc6 Qxa2 29. Qxb5 Qd2 30. Rc7 Qe1+ 31. Qf1 Qd2 32. g3 Rb8 33.
Qc1 Qa2 34. Rc8+ Rxc8 35. Qxc8+ Kg7 36. Qc6 Qd2 37. Qe4 h5 38. Kg2 Kg8 39. Qe5
Qb2 40. Kf3 Qb1 41. Kf4 Qf1 42. Kg5 Qxf2 43. Kh6 Kf8 44. Qd6+ Ke8 45. Kg7 Qxe3
46. Qf8+ Kd7 47. Qxf7+ Kd8 48. Qf4 Qd3 49. Qd6+ Kc8 50. Qxe6+ Kc7 51. Qe5+ Kd7
52. d5 Kd8 53. Qd6+ Kc8 54. Qe6+ Kd8 55. d6 Qd4+ 56. Kh7 1-0

[Event "GoAudit Open 2022"]
[Site "Copenhagen"]
[Date "2022.11.05"]
[Round "4.5"]
[White "Thorsbro, Peter"]
[Black "Moe, Mogens"]
[Result "0-1"]
[WhiteElo "2229"]
[BlackElo "2167"]
[PlyCount "64"]
[EventDate "2022.11.04"]
[EventType "swiss"]
[EventRounds "7"]
[EventCountry "DEN"]
[SourceTitle "Live"]

1. d4 Nf6 2. Nf3 g6 3. g3 Bg7 4. Bg2 O-O 5. O-O c5 6. d5 d6 7. a4 e6 8. c4 exd5
9. cxd5 Na6 10. Nc3 Re8 11. Nd2 Nb4 12. Nc4 a6 13. Bf4 Bf8 14. e4 Ng4 15. a5
Ne5 16. Bxe5 dxe5 17. f4 exf4 18. gxf4 Bd7 19. Nb6 Rb8 20. e5 Bf5 21. Be4 Bh3
22. Rf2 Qh4 23. Qf3 f6 24. Nc4 Bg7 25. Qe3 fxe5 26. Qxc5 exf4 27. Nd2 Rxe4 28.
Ndxe4 Nd3 29. Qa7 Qg4+ 30. Kh1 Nxf2+ 31. Qxf2 Bd4 32. Qd2 f3 0-1

[Event "GoAudit Open 2022"]
[Site "Copenhagen"]
[Date "2022.11.05"]
[Round "4.6"]
[White "Mollasoltani, Aryan"]
[Black "Ochsner, Bjorn Moller"]
[Result "0-1"]
[WhiteElo "1963"]
[BlackElo "2501"]
[PlyCount "76"]
[EventDate "2022.11.04"]
[EventType "swiss"]
[EventRounds "7"]
[EventCountry "DEN"]
[SourceTitle "Live"]

1. e4 c5 2. Nf3 d6 3. d4 cxd4 4. Nxd4 Nf6 5. Nc3 a6 6. h3 e6 7. g4 h6 8. Bg2 g5
9. Qd2 Nbd7 10. b3 Ne5 11. Bb2 Be7 12. O-O-O Qa5 13. Kb1 Bd7 14. Nde2 Bc6 15.
f4 gxf4 16. Nxf4 Rh7 17. Nd3 Nfd7 18. Nf4 b5 19. Rhf1 Rb8 20. Nce2 Qb6 21. Nd4
Ba8 22. Qf2 Nc5 23. Rfe1 Na4 24. Nd3 Nxb2 25. Nxb2 Rg7 26. Qe2 Rc8 27. Nf3 Bf6
28. Qd2 Nxf3 29. Bxf3 Qc7 30. Re2 Ke7 31. Qd3 Rg5 32. Red2 Rc5 33. e5 Bxe5 34.
Bxa8 Rxa8 35. Qe4 Rc8 36. Rf1 Rf8 37. Nd3 Rd5 38. Qe3 Bd4 0-1

[Event "GoAudit Open 2022"]
[Site "Copenhagen"]
[Date "2022.11.05"]
[Round "4.7"]
[White "Haubro, Martin"]
[Black "Falkesgaard, Jeppe Hald"]
[Result "1-0"]
[WhiteElo "2398"]
[BlackElo "1935"]
[PlyCount "77"]
[EventDate "2022.11.04"]
[EventType "swiss"]
[EventRounds "7"]
[EventCountry "DEN"]
[SourceTitle "Live"]

1. e4 c5 2. Nf3 e6 3. d4 cxd4 4. Nxd4 Nc6 5. Nc3 Qc7 6. Be3 a6 7. Qf3 Ne5 8.
Qg3 h5 9. f4 h4 10. Qh3 Nc4 11. Bxc4 Qxc4 12. O-O-O b5 13. Kb1 Bb7 14. e5 Ne7
15. Rhe1 Rc8 16. f5 Nd5 17. Ne4 Nb4 18. b3 Qc7 19. Bc1 Bxe4 20. Rxe4 Nxc2 21.
Bb2 Nb4 22. Re2 Qb6 23. Red2 Rh6 24. Ne2 Nd5 25. fxe6 fxe6 26. Rd4 Be7 27. Qf3
g6 28. Rf1 Rh7 29. Qd3 Rg7 30. Nc3 Nb4 31. Qd2 Bg5 32. Qd1 Qa5 33. a3 Nc6 34.
Ne4 Be7 35. Rxd7 b4 36. Rxe7+ Rxe7 37. Nd6+ Kd7 38. Nc4+ Qd5 39. Nb6+ 1-0

[Event "GoAudit Open 2022"]
[Site "Copenhagen"]
[Date "2022.11.05"]
[Round "4.8"]
[White "Saravana, Vedant Kumar"]
[Black "Petersen, Peter Birk"]
[Result "1-0"]
[WhiteElo "1905"]
[BlackElo "2167"]
[PlyCount "59"]
[EventDate "2022.11.04"]
[EventType "swiss"]
[EventRounds "7"]
[EventCountry "DEN"]
[SourceTitle "Live"]

1. e4 c5 2. Nf3 e6 3. d4 cxd4 4. Nxd4 Nc6 5. Nc3 Qc7 6. Be2 a6 7. Be3 Nf6 8.
O-O Be7 9. f4 d6 10. Kh1 O-O 11. g4 d5 12. e5 Ne4 13. Bd3 Nxc3 14. bxc3 Na5 15.
g5 g6 16. Qg4 Nc4 17. Bg1 Nd2 18. Rfd1 Qxc3 19. Qe2 Nc4 20. Rf1 Bd7 21. Nb3 Na3
22. Rf3 Qc7 23. Nd4 Nc4 24. Rb1 b5 25. Rh3 b4 26. Rxh7 Kxh7 27. Qh5+ Kg8 28.
Bxg6 fxg6 29. Qxg6+ Kh8 30. Rb3 1-0

[Event "GoAudit Open 2022"]
[Site "Copenhagen"]
[Date "2022.11.05"]
[Round "4.9"]
[White "Wehding, Laurits Bonsvig"]
[Black "Jaksland, Tim"]
[Result "0-1"]
[WhiteElo "1896"]
[BlackElo "2100"]
[PlyCount "126"]
[EventDate "2022.11.04"]
[EventType "swiss"]
[EventRounds "7"]
[EventCountry "DEN"]
[SourceTitle "Live"]

1. Nf3 Nf6 2. g3 c5 3. c4 Nc6 4. Nc3 g6 5. Bg2 Bg7 6. O-O O-O 7. d3 a6 8. a3
Rb8 9. Bf4 d6 10. Rb1 b5 11. cxb5 axb5 12. b4 cxb4 13. axb4 Bd7 14. d4 Bf5 15.
Rb3 Ne4 16. Nxe4 Bxe4 17. Be3 Bd5 18. Rb2 Qb6 19. Qd2 Rfc8 20. Rd1 Ra8 21. Ne1
Bxg2 22. Kxg2 Qb7 23. f3 Nb8 24. Bf2 Nd7 25. e4 Nb6 26. Qg5 Nc4 27. Re2 Ra4 28.
Nd3 Ra3 29. h4 h6 30. Qg4 h5 31. Qh3 Rca8 32. g4 hxg4 33. Qxg4 Ra2 34. Rxa2
Rxa2 35. Kg3 Rxf2 36. Kxf2 Bxd4+ 37. Ke2 Qa6 38. Qg5 Qa2+ 39. Rd2 Qxd2+ 40.
Qxd2 Nxd2 41. Kxd2 e6 42. Nf4 Be5 43. Ne2 Kf8 44. Ke3 Ke7 45. f4 Bf6 46. Kf3
Bxh4 47. Nd4 Be1 48. Ke3 Kd7 49. Nc2 Bc3 50. Kd3 Bb2 51. Ne3 Bc1 52. Ng2 Bb2
53. Kc2 Bd4 54. Kd3 Bg1 55. Ne1 Bh2 56. Ke3 e5 57. fxe5 Bxe5 58. Nd3 Ke6 59.
Nf2 d5 60. Nd3 dxe4 61. Kxe4 f5+ 62. Kf3 Kd5 63. Ke3 Bd6 0-1

[Event "GoAudit Open 2022"]
[Site "Copenhagen"]
[Date "2022.11.05"]
[Round "5.1"]
[White "Moe, Mogens"]
[Black "Thybo, Jesper Sondergaard"]
[Result "0-1"]
[WhiteElo "2167"]
[BlackElo "2518"]
[PlyCount "50"]
[EventDate "2022.11.04"]
[EventType "swiss"]
[EventRounds "7"]
[EventCountry "DEN"]
[SourceTitle "Live"]

1. e4 c6 2. d4 d5 3. exd5 cxd5 4. c4 Nf6 5. Nc3 g6 6. Qb3 Bg7 7. cxd5 O-O 8.
Nge2 Na6 9. g3 b5 10. Bg2 b4 11. Na4 Nc7 12. d6 exd6 13. Bxa8 Be6 14. Qxb4 Qxa8
15. Rg1 Ncd5 16. Qa3 Re8 17. f3 Bd7 18. Nac3 Nxc3 19. Qxc3 Nd5 20. Qd2 Bb5 21.
Rg2 Ne3 22. Rf2 Bh6 23. Qc3 Bxe2 24. Rxe2 Qxf3 25. Bxe3 Bxe3 0-1

[Event "GoAudit Open 2022"]
[Site "Copenhagen"]
[Date "2022.11.05"]
[Round "5.2"]
[White "Kistrup, Nicolai"]
[Black "Jacobsen, Mikkel Manosri"]
[Result "1-0"]
[WhiteElo "2263"]
[BlackElo "2262"]
[PlyCount "103"]
[EventDate "2022.11.04"]
[EventType "swiss"]
[EventRounds "7"]
[EventCountry "DEN"]
[SourceTitle "Live"]

1. d4 d5 2. c4 e6 3. Nf3 a6 4. g3 dxc4 5. Bg2 Nc6 6. e3 Rb8 7. Nfd2 Nb4 8. Nxc4
c5 9. a3 Nc6 10. dxc5 Qxd1+ 11. Kxd1 Bxc5 12. b4 Be7 13. Bb2 Nf6 14. Ke2 O-O
15. Rd1 Bd7 16. Nb6 Rfd8 17. Nd2 Be8 18. Nb3 Nxb4 19. axb4 Bb5+ 20. Ke1 Bxb4+
21. Nd2 Rd3 22. Ra2 Rbd8 23. Be5 Ng4 24. Bc7 Nxe3 25. fxe3 Rxe3+ 26. Kf2 Bc5
27. Bxd8 Re2+ 28. Kf3 f5 29. Nb3 Rxa2 30. Nxc5 Be2+ 31. Kf4 Bxd1 32. Bxb7 Kf7
33. Bxa6 Rd2 34. Bc7 Rxh2 35. Bc4 Kf6 36. Bd8+ Kg6 37. Nxe6 Rf2+ 38. Ke3 Rf3+
39. Kd2 Bb3 40. Nd4 Rxg3 41. Bxb3 f4 42. Nd5 Rg4 43. Ke2 Kh5 44. Bd1 f3+ 45.
Nxf3 Rc4 46. Kf2 Rc1 47. Be2 Kg4 48. Nd4+ Kh3 49. Nf4+ Kh2 50. Nf3+ Kh1 51. Nh5
Rf1+ 52. Bxf1 1-0

[Event "GoAudit Open 2022"]
[Site "Copenhagen"]
[Date "2022.11.05"]
[Round "5.3"]
[White "Ochsner, Bjorn Moller"]
[Black "Guindy, Esmat Susanne"]
[Result "1-0"]
[WhiteElo "2501"]
[BlackElo "2069"]
[PlyCount "101"]
[EventDate "2022.11.04"]
[EventType "swiss"]
[EventRounds "7"]
[EventCountry "DEN"]
[SourceTitle "Live"]

1. e4 e6 2. d4 d5 3. Nc3 Nf6 4. e5 Nfd7 5. f4 c5 6. Nf3 Nc6 7. Be3 a6 8. Qd2 b5
9. Nd1 Qb6 10. Be2 Be7 11. O-O O-O 12. c3 f6 13. Nf2 a5 14. f5 cxd4 15. Nxd4
Nxd4 16. Bxd4 Bc5 17. exf6 Nxf6 18. fxe6 Bxe6 19. Bf3 Bxd4 20. cxd4 Bf5 21.
Rfe1 Rae8 22. Re5 Ne4 23. Rxe8 Rxe8 24. Bxe4 Bxe4 25. Ng4 Rc8 26. Ne3 Qh6 27.
Re1 b4 28. Qf2 Qd6 29. Rf1 Rc7 30. h3 h6 31. Qh4 Bg6 32. Qg4 Re7 33. Qf3 Re4
34. Rd1 Qe6 35. Kf2 h5 36. Rd2 h4 37. Nf1 Qd6 38. Kg1 Rf4 39. Qe2 Qf6 40. Ne3
Be4 41. Ng4 Qc6 42. Qe1 g5 43. Rf2 Qd6 44. Qc1 Bf5 45. Rxf4 gxf4 46. Ne5 Qh6
47. Qc7 Be4 48. Qd8+ Kh7 49. Qe7+ Kg8 50. Ng4 Qf8 51. Nf6+ 1-0

[Event "GoAudit Open 2022"]
[Site "Copenhagen"]
[Date "2022.11.05"]
[Round "5.4"]
[White "Jaksland, Tim"]
[Black "Haubro, Martin"]
[Result "0-1"]
[WhiteElo "2100"]
[BlackElo "2398"]
[PlyCount "66"]
[EventDate "2022.11.04"]
[EventType "swiss"]
[EventRounds "7"]
[EventCountry "DEN"]
[SourceTitle "Live"]

1. d4 d5 2. Nf3 e6 3. Bf4 Bd6 4. e3 b6 5. c3 Bb7 6. Nbd2 Bxf4 7. exf4 Qd6 8. g3
Ne7 9. Bd3 O-O 10. Bxh7+ Kxh7 11. Ng5+ Kg6 12. Qg4 f5 13. Qh4 Nd7 14. Qh7+ Kf6
15. Qh4 Qc6 16. Ndf3 Rh8 17. Nh7+ Kf7 18. O-O-O Qd6 19. Nfg5+ Kg8 20. Rhe1 Nf8
21. Qh5 g6 22. Nf6+ Kg7 23. Qxh8+ Kxh8 24. Nf7+ Kg7 25. Nxd6 cxd6 26. Nd7 Nxd7
27. Rxe6 Kf7 28. Rde1 Ng8 29. Rxd6 Ndf6 30. f3 Ba6 31. Kd2 Bb5 32. b3 Bd7 33.
Re5 Ne7 0-1

[Event "GoAudit Open 2022"]
[Site "Copenhagen"]
[Date "2022.11.05"]
[Round "5.5"]
[White "Hoi, Carsten"]
[Black "Andries, Alf"]
[Result "1-0"]
[WhiteElo "2344"]
[BlackElo "1948"]
[PlyCount "65"]
[EventDate "2022.11.04"]
[EventType "swiss"]
[EventRounds "7"]
[EventCountry "DEN"]
[SourceTitle "Live"]

1. d4 Nf6 2. Nf3 e6 3. e3 b6 4. Bd3 Bb7 5. O-O d5 6. b3 Bd6 7. Bb2 O-O 8. c4 c5
9. Nc3 Nbd7 10. cxd5 exd5 11. Ne2 Qe7 12. Ng3 g6 13. Rc1 a6 14. Re1 Ne4 15.
dxc5 bxc5 16. Bxe4 dxe4 17. Nd2 Be5 18. Ba3 f5 19. Nc4 Rac8 20. Ne2 Rfd8 21.
Qc2 Bd5 22. Red1 Qf7 23. Nxe5 Nxe5 24. Nf4 c4 25. Bb2 c3 26. Bxc3 g5 27. Qd2
gxf4 28. Bxe5 f3 29. Rxc8 Rxc8 30. gxf3 exf3 31. Kh1 Rc6 32. Bb2 Rd6 33. Qc3
1-0

[Event "GoAudit Open 2022"]
[Site "Copenhagen"]
[Date "2022.11.05"]
[Round "5.6"]
[White "Brorsen, Jacob Abildlund"]
[Black "Saravana, Vedant Kumar"]
[Result "1-0"]
[WhiteElo "2201"]
[BlackElo "1905"]
[PlyCount "99"]
[EventDate "2022.11.04"]
[EventType "swiss"]
[EventRounds "7"]
[EventCountry "DEN"]
[SourceTitle "Live"]

1. d4 d5 2. c4 c6 3. Nf3 Nf6 4. Nc3 e6 5. e3 Nbd7 6. cxd5 exd5 7. Bd3 Bd6 8.
O-O O-O 9. Qc2 c5 10. Nb5 Qb6 11. Nxd6 Qxd6 12. b3 b6 13. Bb2 Bb7 14. Rfd1 Rfe8
15. Rac1 Rac8 16. Qb1 Qe7 17. Bf5 Rc7 18. dxc5 bxc5 19. b4 Rec8 20. bxc5 g6 21.
Bh3 Ne4 22. Qd3 f6 23. c6 Bxc6 24. Rxc6 Rxc6 25. Qxd5+ Kh8 26. Qxd7 Qxd7 27.
Bxd7 Rd8 28. Ne1 Rb6 29. Bd4 Rxd7 30. f3 Nc5 31. Rc1 Rxd4 32. exd4 Ne6 33. Rd1
Nf4 34. Rd2 Nd5 35. Nd3 Rd6 36. Kf2 Nb6 37. Nb2 Nd5 38. Nc4 Re6 39. Rb2 Nf4 40.
Rd2 Nd5 41. g3 Kg7 42. Rb2 Nc3 43. Rb7+ Kh6 44. Ne3 Rd6 45. Ng4+ Kg5 46. h4+
Kf5 47. Re7 Nd1+ 48. Ke1 g5 49. h5 Rxd4 50. Nh6# 1-0

[Event "GoAudit Open 2022"]
[Site "Copenhagen"]
[Date "2022.11.05"]
[Round "5.7"]
[White "Nielsen Refs, Karl Emil Elmer"]
[Black "Laursen, Niels Norskov"]
[Result "0-1"]
[WhiteElo "2063"]
[BlackElo "2166"]
[PlyCount "96"]
[EventDate "2022.11.04"]
[EventType "swiss"]
[EventRounds "7"]
[EventCountry "DEN"]
[SourceTitle "Live"]

1. d4 Nf6 2. c4 g6 3. Nc3 d5 4. cxd5 Nxd5 5. e4 Nxc3 6. bxc3 Bg7 7. Bc4 c5 8.
Ne2 Nc6 9. Be3 O-O 10. O-O Bd7 11. Rb1 Rc8 12. Bd3 Qc7 13. Qd2 Rfd8 14. Rfc1
Na5 15. Bh6 Ba4 16. h4 b6 17. h5 e5 18. Bxg7 Kxg7 19. d5 c4 20. Bc2 Bxc2 21.
Rxc2 Qe7 22. Ng3 Nb7 23. Rb4 Nd6 24. Rc1 Qh4 25. Qe3 Qf4 26. Qe1 Rc5 27. hxg6
hxg6 28. a4 Rh8 29. Rc2 Rh4 30. Re2 Qg5 31. Qd2 Qxd2 32. Rxd2 Kf6 33. f3 Ke7
34. Kf2 Rh8 35. Ra2 Ra5 36. Nf1 Rh1 37. Ne3 Rc5 38. Nf1 f5 39. Re2 fxe4 40.
fxe4 Rc8 41. Nd2 Rc1 42. Re3 Rc2 43. Ke2 Rh8 44. Kd1 Ra2 45. Nxc4 Nxc4 46. Rxc4
Rh1+ 47. Re1 Ra1+ 48. Kd2 Rhxe1 0-1

[Event "GoAudit Open 2022"]
[Site "Copenhagen"]
[Date "2022.11.05"]
[Round "5.8"]
[White "Pedersen, Daniel Vesterbaek"]
[Black "Thorsbro, Peter"]
[Result "1/2-1/2"]
[WhiteElo "2223"]
[BlackElo "2229"]
[PlyCount "75"]
[EventDate "2022.11.04"]
[EventType "swiss"]
[EventRounds "7"]
[EventCountry "DEN"]
[SourceTitle "Live"]

1. e4 c5 2. Nf3 d6 3. d4 cxd4 4. Nxd4 Nf6 5. Nc3 a6 6. Be2 e6 7. g4 Qc7 8. g5
Nfd7 9. h4 b5 10. a3 Bb7 11. Be3 Nc5 12. f3 Nbd7 13. Qd2 Rc8 14. O-O-O Nb6 15.
Kb1 d5 16. exd5 Nxd5 17. Nxd5 Bxd5 18. h5 Na4 19. Rh4 Qb7 20. Nb3 Bd6 21. h6 g6
22. Qd4 Rg8 23. Qd2 Qe7 24. Bd4 Qc7 25. Bf6 Be5 26. Bxe5 Qxe5 27. Rd4 Nb6 28.
Nc1 Qc7 29. Nd3 Nc4 30. Qc1 Ke7 31. Nb4 Bb7 32. f4 Rgd8 33. b3 Nb6 34. Qb2 Rxd4
35. Qxd4 Nd5 36. Nxd5+ Bxd5 37. Qb4+ Ke8 38. Qd2 1/2-1/2

[Event "GoAudit Open 2022"]
[Site "Copenhagen"]
[Date "2022.11.05"]
[Round "5.9"]
[White "Eriksson, Christian Altenburg"]
[Black "Marthedal, Anton Mehmet Yildiz"]
[Result "1/2-1/2"]
[WhiteElo "2129"]
[BlackElo "2011"]
[PlyCount "125"]
[EventDate "2022.11.04"]
[EventType "swiss"]
[EventRounds "7"]
[EventCountry "DEN"]
[SourceTitle "Live"]

1. e4 c5 2. c3 Nf6 3. e5 Nd5 4. Nf3 d6 5. exd6 exd6 6. d4 Be7 7. c4 Nf6 8. d5
O-O 9. Bd3 Na6 10. Nc3 Bg4 11. h3 Bh5 12. O-O Nc7 13. a4 Na6 14. Re1 Re8 15.
Bf4 Qd7 16. Kh2 Nb4 17. Bb1 Bf8 18. Rg1 Bg6 19. b3 Ne4 20. Nxe4 Bxe4 21. Bg3
Qf5 22. Re1 Bxb1 23. Qxb1 Qf6 24. Rxe8 Rxe8 25. Qf1 Nc2 26. Rd1 g6 27. Qd3 Nb4
28. Qd2 Re4 29. Re1 Qe7 30. Rxe4 Qxe4 31. Qg5 Be7 32. Nd2 Qe2 33. Qe3 Qxe3 34.
fxe3 f5 35. Kg1 Kf7 36. Kf2 Bf8 37. Ke2 Ke7 38. Bh4+ Kd7 39. Bf6 Bh6 40. g4 Nc2
41. g5 Bf8 42. h4 Nb4 43. e4 fxe4 44. Nxe4 Na6 45. Kf3 Nc7 46. Bc3 Ne8 47. Kf4
Ke7 48. b4 b6 49. a5 Kf7 50. b5 Bg7 51. axb6 axb6 52. Bxg7 Kxg7 53. Nc3 Nc7 54.
Na4 Na8 55. Kg4 Kf7 56. Nc3 Nc7 57. Ne4 Ne8 58. h5 Ke7 59. hxg6 hxg6 60. Nc3
Nc7 61. Kf3 Kf7 62. Ne4 Ne8 63. Nc3 1/2-1/2

[Event "GoAudit Open 2022"]
[Site "Copenhagen"]
[Date "2022.11.06"]
[Round "6.1"]
[White "Thybo, Jesper Sondergaard"]
[Black "Kistrup, Nicolai"]
[Result "1-0"]
[WhiteElo "2518"]
[BlackElo "2263"]
[PlyCount "69"]
[EventDate "2022.11.04"]
[EventType "swiss"]
[EventRounds "7"]
[EventCountry "DEN"]
[SourceTitle "Live"]

1. Nf3 d5 2. g3 c5 3. Bg2 Nf6 4. O-O g6 5. c3 Bg7 6. d4 cxd4 7. cxd4 O-O 8. Ne5
Nc6 9. Nc3 Bf5 10. Nxc6 bxc6 11. Bf4 Nd7 12. Rc1 Qb6 13. Na4 Qxd4 14. Qxd4 Bxd4
15. Rxc6 Rac8 16. Bxd5 Nf6 17. Bg2 Rxc6 18. Bxc6 Rc8 19. Rc1 Ng4 20. e3 Bf6 21.
e4 Be6 22. h3 Ne5 23. Bd5 Rxc1+ 24. Bxc1 Bxd5 25. exd5 Nd3 26. Be3 a6 27. Nc5
Nb4 28. b3 a5 29. a4 Nxd5 30. Bd2 Nb4 31. Bxb4 axb4 32. a5 Bd4 33. Nd3 Kf8 34.
Nxb4 Ke8 35. Nc6 1-0

[Event "GoAudit Open 2022"]
[Site "Copenhagen"]
[Date "2022.11.06"]
[Round "6.2"]
[White "Haubro, Martin"]
[Black "Ochsner, Bjorn Moller"]
[Result "0-1"]
[WhiteElo "2398"]
[BlackElo "2501"]
[PlyCount "82"]
[EventDate "2022.11.04"]
[EventType "swiss"]
[EventRounds "7"]
[EventCountry "DEN"]
[SourceTitle "Live"]

1. e4 c5 2. Nf3 d6 3. d4 cxd4 4. Nxd4 Nf6 5. Nc3 Nc6 6. Bg5 e6 7. Qd2 a6 8.
O-O-O Bd7 9. f4 h6 10. Bh4 Be7 11. Nf3 Qc7 12. Bxf6 Bxf6 13. Qxd6 Qxd6 14. Rxd6
g5 15. g3 O-O-O 16. a3 Kc7 17. Rd3 Rhg8 18. fxg5 hxg5 19. g4 Ne5 20. Nxe5 Bxe5
21. Bg2 Bc6 22. h3 Rd6 23. Rhd1 Rgd8 24. Rxd6 Rxd6 25. Rxd6 Kxd6 26. Kd2 Bf4+
27. Kd3 Bc1 28. Nd1 Ke5 29. Ne3 Kf4 30. Nc4 Kg3 31. Bf1 Kf2 32. Be2 Bb5 33. b3
Bxa3 34. Kd2 Be7 35. Bd3 Kg2 36. Ke2 Kxh3 37. Kf3 Bb4 38. Ne5 Be8 39. Bf1+ Kh4
40. c4 Bc3 41. Nd3 Bc6 0-1

[Event "GoAudit Open 2022"]
[Site "Copenhagen"]
[Date "2022.11.06"]
[Round "6.3"]
[White "Laursen, Niels Norskov"]
[Black "Brorsen, Jacob Abildlund"]
[Result "1-0"]
[WhiteElo "2166"]
[BlackElo "2201"]
[PlyCount "107"]
[EventDate "2022.11.04"]
[EventType "swiss"]
[EventRounds "7"]
[EventCountry "DEN"]
[SourceTitle "Live"]

1. e4 e5 2. Nf3 Nc6 3. d4 exd4 4. Nxd4 Bc5 5. Be3 Qf6 6. c3 Nge7 7. Bc4 O-O 8.
O-O Ne5 9. Be2 Qg6 10. Nd2 d6 11. f3 d5 12. Kh1 dxe4 13. Nxe4 Nd5 14. Bf2 Be7
15. Re1 Rd8 16. Bg3 c5 17. Qc1 cxd4 18. Bxe5 dxc3 19. Nxc3 Nb4 20. Ne4 Bf5 21.
Qc7 Rd7 22. Qc3 Nd5 23. Qb3 Bxe4 24. fxe4 Nb6 25. Bg3 Rad8 26. a4 a5 27. Bf3
Bb4 28. Red1 Qe6 29. Qxe6 fxe6 30. Bc7 Rxd1+ 31. Bxd1 Rf8 32. Bb3 Bc5 33. Be5
Re8 34. Rd1 Kf7 35. g3 Re7 36. Bd6 Bxd6 37. Rxd6 Nd7 38. Bxe6+ Rxe6 39. Rxd7+
Kf6 40. Rxb7 Rxe4 41. b3 Re2 42. b4 Rb2 43. Rb6+ Ke5 44. bxa5 Ra2 45. Rb4 Rc2
46. Rb7 Ke4 47. Rxg7 h5 48. Rg5 Kf3 49. Rf5+ Kg4 50. Rf4+ Kg5 51. Rb4 Rc8 52.
Kg2 Ra8 53. Rb5+ Kg4 54. h3# 1-0

[Event "GoAudit Open 2022"]
[Site "Copenhagen"]
[Date "2022.11.06"]
[Round "6.4"]
[White "Jacobsen, Mikkel Manosri"]
[Black "Hoi, Carsten"]
[Result "1-0"]
[WhiteElo "2262"]
[BlackElo "2344"]
[PlyCount "89"]
[EventDate "2022.11.04"]
[EventType "swiss"]
[EventRounds "7"]
[EventCountry "DEN"]
[SourceTitle "Live"]

1. d4 Nf6 2. Nf3 c5 3. d5 d6 4. c4 g6 5. Nc3 Bg7 6. e4 O-O 7. Be2 e6 8. Nd2
exd5 9. cxd5 a6 10. a4 Re8 11. O-O Nbd7 12. a5 Qc7 13. Ra3 Rb8 14. Qc2 h6 15.
Nc4 b5 16. axb6 Nxb6 17. Na5 Ra8 18. Bf4 Nfd7 19. Bg3 c4 20. Kh1 Nc5 21. f3 f5
22. Bxc4 Nb7 23. Bd3 Nxa5 24. Rxa5 Nc4 25. Bxc4 Qxa5 26. Bxd6 Bd7 27. Qb3 Rac8
28. Bb4 Qb6 29. d6+ Kh7 30. Nd5 Qd4 31. Nc7 fxe4 32. Bc3 Qxd6 33. Nxe8 Rxe8 34.
fxe4 Bxc3 35. Qxc3 Rf8 36. Rxf8 Qxf8 37. Bxa6 Qd6 38. Qd3 Qc7 39. Bc4 h5 40. h4
Kh6 41. Qd4 Qd8 42. g3 Qe8 43. Kg1 Bc6 44. e5 Ba8 45. Qf4+ 1-0

[Event "GoAudit Open 2022"]
[Site "Copenhagen"]
[Date "2022.11.06"]
[Round "6.5"]
[White "Pedersen, Daniel Vesterbaek"]
[Black "Moe, Mogens"]
[Result "1-0"]
[WhiteElo "2223"]
[BlackElo "2167"]
[PlyCount "99"]
[EventDate "2022.11.04"]
[EventType "swiss"]
[EventRounds "7"]
[EventCountry "DEN"]
[SourceTitle "Live"]

1. e4 c5 2. Nf3 Nc6 3. d4 cxd4 4. Nxd4 g6 5. c4 Bg7 6. Be3 Qb6 7. Nb5 Qa5+ 8.
N1c3 Nf6 9. f3 O-O 10. Be2 a6 11. Nd4 Rb8 12. O-O b5 13. Nb3 Qd8 14. cxb5 axb5
15. Bxb5 Na5 16. Nd4 e5 17. Nde2 d5 18. exd5 Nxd5 19. Bc5 Nc7 20. Bxf8 Qxf8 21.
a4 Be6 22. Qe1 Nb3 23. Rd1 Nd4 24. f4 Ncxb5 25. axb5 Qc5 26. Qf2 Nxe2+ 27. Nxe2
Qxb5 28. Nc3 Qc6 29. Qa7 Rc8 30. Qa5 exf4 31. Rd8+ Rxd8 32. Qxd8+ Bf8 33. Rxf4
Qc5+ 34. Kh1 Qe3 35. Rf1 Bc4 36. Rd1 Bb3 37. Rf1 Bc4 38. Rd1 Bb3 39. Qd4 Qe6
40. Rf1 Be7 41. Ne4 Bc4 42. Nf6+ Bxf6 43. Rxf6 Qe1+ 44. Qg1 Qe5 45. Qf2 h5 46.
Rf4 Bb3 47. h3 Kh7 48. Rd4 g5 49. Qd2 h4 50. Qd3+ 1-0